LDR 00777naa#a2200169#i#450# 001 RU\\bibl\108962 005 20260503190209.7 011 ## _a2500-1825 100 ## _a20260331b2026####ek#y0rusy0150####ca 102 ## _aRU 200 1# _aОРГАНИЗАЦИЯ ПЕНСИОННОГО ОБЕСПЕЧЕНИЯ СУДЕЙ РОССИЙСКОЙ ИМПЕРИИ В 1830 – НАЧАЛЕ 1860-х гг. _eЖурнальная статья 210 1# _aКрасноярск _cКрасноярский государственный аграрный университет _d2026 215 ## _a10 с. 608 ## _aЖурнальная статья _2local 675 ## _aГуманитарные науки в целом. 009 _z 700 #1 _aПодлесных _gСергей Николаевич 856 4# _asej.kgau.ru _u